000 00349nam a22001457a 4500
003 SGT
020 _a978-81-19613-39-7
082 _a615.19
_bKEM
100 _aKEMISETTI, DR. DURGA P.
245 _aTEXTBOOK OF MEDICINAL CHEMISTRY -II
260 _aINDIA
_bIP PUB.
_c2024
300 _a211
650 _aMEDICINAL CHEMISTRY -II
942 _2ddc
_cBK
999 _c34209
_d34209